[Event "34th Chess Olympiad (men)"]
[Site "Istanbul"]
[Date "2000.11.09"]
[Round "12.17.4"]
[White "Gomez Esteban, Mario"]
[Black "Erhembayar, Duurenbayar"]
[WhiteElo "2505"]
[BlackElo "2301"]
[WhiteCountry "ESP"]
[BlackCountry "MGL"]
[Result "1/2-1/2"]

1. d4 Nf6 2. c4 e6 3. Nc3 d5 4. Bg5 c6 5. e3 Be7 6. Nf3 O-O 7. Bd3 h6 
8. Bh4 Nbd7 9. O-O b6 10. Qe2 Bb7 11. Rfd1 Rc8 12. Rac1 Re8 13. cxd5 exd5 
14. Ba6 Bxa6 15. Qxa6 Ra8 16. Bg3 Qc8 17. Qxc8 Raxc8 18. Rc2 Nh5 19. Rdc1 Nxg3 
20. hxg3 Rcd8 21. Kf1 Bd6 22. Ne1 f6 23. Nd3 Kf7 24. a3 Ke6 25. Nf4+ Ke7 
26. b4 g5 27. Nd3 Ke6 28. a4 a5 29. Na2 axb4 30. Rxc6 Ra8 31. Naxb4 Rxa4 
32. g4 Rea8 33. g3 Ra1 34. Rxa1 Rxa1+ 35. Ke2 Ra5 36. Rc8 Rb5 37. Nc2 Nf8 
38. Ra8 Ra5 39. Rc8 Kd7 40. Rc3 Ne6 41. Rb3 Kc6 42. Kd2 Nc7 43. Rb1 Bf8 
44. Rc1 Ne8 45. Ncb4+ Kd7 46. Kc3 Nd6 47. Kb3 Rb5 48. Ra1 Ne4 49. Ra7+ Ke6 
50. Ka4 Rxb4+ 51. Nxb4 Nxf2 52. Nc2 Nxg4 53. Rb7 h5 54. Rb8 Kf7 55. Rxb6 h4 
56. gxh4 gxh4 57. Ne1 h3 58. Nf3 h2 59. Rb1 Bd6 60. Rh1 Ke6 61. Kb5 Bg3 
62. Kc6 Bd6 63. Kb5 Kf5 64. Kc6 Ke6 
1/2-1/2

[Event "34th Chess Olympiad (men)"]
[Site "Istanbul"]
[Date "2000.11.09"]
[Round "12.19.1"]
[White "Kozul, Zdenko"]
[Black "Salmensuu, Olli"]
[WhiteElo "2611"]
[BlackElo "2458"]
[WhiteCountry "CRO"]
[BlackCountry "FIN"]
[Result "1-0"]

1. d4 Nf6 2. Nf3 c5 3. d5 b5 4. c4 g6 5. Qc2 bxc4 6. e4 d6 7. Bxc4 Bg7 
8. O-O O-O 9. h3 Ba6 10. Na3 Nfd7 11. Bd2 Nb6 12. Bxa6 Nxa6 13. Bc3 Bh6 
14. Qe2 Nc7 15. Rfd1 a5 16. b3 Qc8 17. Nc4 Qa6 18. a4 Rab8 19. Rab1 Nca8 
20. Be1 Bg7 21. e5 e6 22. Qc2 exd5 23. Nxd6 c4 24. bxc4 Nxc4 25. Rxb8 Rxb8 
26. Rxd5 Nxe5 27. Nxe5 Bxe5 28. Nxf7 Bg7 29. Ng5 h6 30. Rxa5 Qf6 31. Nf3 Nb6 
32. Qb3+ Qf7 33. Qxf7+ Kxf7 34. Ra7+ Kg8 35. a5 Na4 36. Rc7 Ra8 37. Kf1 Nb2 
38. Nh4 Ra6 39. Bd2 Nd3 40. Nf3 Bf8 41. Rc8 Kg7 42. Ke2 Nc5 43. Bc3+ Kg8 
44. Ne5 Re6 45. f4 h5 46. Kf3 Na6 47. Ke4 
1-0

[Event "34th Chess Olympiad (men)"]
[Site "Istanbul"]
[Date "2000.11.09"]
[Round "12.19.2"]
[White "Yrjola, Jouni"]
[Black "Morovic, Fernandez Ivan"]
[WhiteElo "2442"]
[BlackElo "2608"]
[WhiteCountry "FIN"]
[BlackCountry "CRO"]
[Result "1/2-1/2"]

1. d4 Nf6 2. c4 e6 3. Nc3 Bb4 4. Qc2 Nc6 5. Nf3 d5 6. Bg5 dxc4 7. e4 b5 
8. e5 h6 9. exf6 hxg5 10. fxg7 Rg8 11. Qh7 Ne7 12. O-O-O Bxc3 13. bxc3 Qd6 
14. Ne5 Ba6 15. h4 Qa3+ 16. Kd2 O-O-O 17. h5 Nf5 18. h6 Qb2+ 19. Ke1 Qxc3+ 
20. Rd2 Qc1+ 21. Rd1 Qc3+ 22. Rd2 Qc1+ 23. Rd1 Qc3+ 
1/2-1/2

[Event "34th Chess Olympiad (men)"]
[Site "Istanbul"]
[Date "2000.11.09"]
[Round "12.19.3"]
[White "Cvitan, Ognjen"]
[Black "Holmsten, Aleksei"]
[WhiteElo "2541"]
[BlackElo "2383"]
[WhiteCountry "CRO"]
[BlackCountry "FIN"]
[Result "1/2-1/2"]

1. Nf3 Nf6 2. d4 g6 3. Bg5 Bg7 4. Nbd2 O-O 5. e3 c5 6. c3 b6 7. Be2 Bb7 
8. O-O d5 9. Qc2 Nbd7 10. Rad1 Qc7 11. h3 e5 12. dxe5 Nxe5 13. Nxe5 Qxe5 
14. Bxf6 Bxf6 15. Bf3 Rad8 16. Rfe1 Rfe8 17. Nf1 Bc6 18. Re2 Rd6 19. Red2 Red8 
20. Ng3 Qe6 21. Ne2 Be5 22. Nc1 Bf6 23. Ne2 Be5 24. Nc1 Bf6 25. Ne2 
1/2-1/2

[Event "34th Chess Olympiad (men)"]
[Site "Istanbul"]
[Date "2000.11.09"]
[Round "12.19.4"]
[White "Nouro, Mikael"]
[Black "Sulava, Nenad"]
[WhiteElo "2397"]
[BlackElo "2549"]
[WhiteCountry "FIN"]
[BlackCountry "CRO"]
[Result "1/2-1/2"]

1. e4 c5 2. Nf3 e6 3. d4 cxd4 4. Nxd4 a6 5. Bd3 Bc5 6. Nb3 Ba7 7. Qe2 Nc6 
8. Be3 d6 9. Nc3 Nge7 10. O-O e5 11. f4 exf4 12. Rxf4 Ng6 13. Rf2 Bxe3 
14. Qxe3 Nce5 15. h3 O-O 16. Rd1 Be6 17. Bf1 Qc7 18. Nd5 Bxd5 19. Rxd5 Rad8 
20. Rd1 Rfe8 21. Rfd2 b5 22. Nd4 d5 23. Nf5 dxe4 24. Rxd8 Rxd8 25. Rxd8+ Qxd8 
26. Qxe4 h5 27. c3 Qg5 28. h4 Qf6 29. Be2 Nf8 30. Ne3 g6 31. Nd5 Qd6 
32. Qd4 Nfd7 33. Ne3 Qe6 34. Qd5 Qe7 35. Qd4 Nf6 36. Qf4 Kg7 37. a4 bxa4 
38. Bxa6 Neg4 39. Nxg4 Nxg4 40. g3 Qe1+ 41. Kg2 Qb1 42. Qd4+ Kh7 43. Qd2 Qe4+ 
44. Kg1 Ne3 45. Qe2 Qb1+ 46. Kh2 Nd1 47. Qf1 Qxb2+ 48. Be2 Nxc3 49. Qxf7+ Kh6 
50. Qf8+ Kh7 51. Qf7+ Kh6 52. Qf8+ 
1/2-1/2

[Event "34th Chess Olympiad (men)"]
[Site "Istanbul"]
[Date "2000.11.09"]
[Round "12.20.1"]
[White "Svetushkin, Dmitry"]
[Black "Annageldyev, Orazly"]
[WhiteElo "2472"]
[BlackElo "2491"]
[WhiteCountry "MDA"]
[BlackCountry "TKM"]
[Result "1/2-1/2"]

1. e4 e6 2. d3 c5 3. Nf3 Nc6 4. c3 d5 5. Qe2 Nf6 6. g3 Be7 7. Bg2 c4 
8. dxc4 dxe4 9. Ng5 Ne5 10. O-O Qd3 11. Re1 Qxe2 12. Rxe2 Nxc4 13. Nd2 Nxd2 
14. Bxd2 Bd7 15. Nxe4 Bb5 16. Nxf6+ Bxf6 17. Re4 Bc6 18. Rc4 Bxg2 19. Kxg2 Kd7 
20. Rd1 Rhd8 21. Bg5+ Ke8 22. Rxd8+ Bxd8 23. Bxd8 Rxd8 24. Rc7 Rd7 25. Rc8+ Ke7 
26. Kf3 f5 27. Ke3 e5 28. f3 Kd6 29. h4 g6 30. a4 Re7 31. a5 
1/2-1/2

[Event "34th Chess Olympiad (men)"]
[Site "Istanbul"]
[Date "2000.11.09"]
[Round "12.20.2"]
[White "Ovezov, Artek"]
[Black "Sanduleac, Vasile"]
[WhiteElo "2366"]
[BlackElo "2438"]
[WhiteCountry "TKM"]
[BlackCountry "MDA"]
[Result "1-0"]

1. e4 g6 2. Nf3 Bg7 3. d4 d6 4. Be2 Nf6 5. Nc3 O-O 6. O-O Bg4 7. Bg5 Nc6 
8. Qd2 Bxf3 9. Bxf3 h6 10. Be3 Kh7 11. Ne2 e5 12. d5 Ne7 13. Ng3 Nd7 
14. Be2 Ng8 15. c3 Bf6 16. Bg4 Nb6 17. b3 Bg5 18. f4 exf4 19. Bxf4 Bf6 
20. Rf3 Bg7 21. Raf1 Nf6 22. Bh3 Nbd7 23. Nf5 Nxe4 24. Qe3 Ng5 25. Nxg7 Nxf3+ 
26. Rxf3 Ne5 27. Bxe5 dxe5 28. Nh5 Qg5 29. Nf6+ Kg7 30. Qe1 Rad8 31. c4 c6 
32. Bd7 cxd5 33. cxd5 a6 34. h4 Qxf6 35. Rxf6 Kxf6 36. Qb4 e4 37. Qxb7 Ke5 
38. Be6 f5 39. Qg7+ Kd6 40. Qxg6 Kc5 41. Qh7 Kd4 42. Qa7+ Kc3 43. Qe3+ Kb2 
44. Qd2+ Ka3 45. b4 
1-0

[Event "34th Chess Olympiad (men)"]
[Site "Istanbul"]
[Date "2000.11.09"]
[Round "12.20.4"]
[White "Odeev, Handszar"]
[Black "Khruschiov, Alexey"]
[WhiteElo "2442"]
[BlackElo "2381"]
[WhiteCountry "TKM"]
[BlackCountry "MDA"]
[Result "1/2-1/2"]

1. e4 c5 2. Nf3 e6 3. d4 cxd4 4. Nxd4 Nf6 5. Nc3 Nc6 6. Be2 Bb4 7. O-O Bxc3 
8. bxc3 Nxe4 9. Bd3 d5 10. Bxe4 dxe4 11. Nb5 O-O 12. Ba3 Qxd1 13. Rfxd1 Rd8 
14. Rxd8+ Nxd8 15. Nc7 Rb8 16. Rd1 Nc6 17. Nb5 e5 18. Nxa7 Bg4 19. Nxc6 bxc6 
20. Rc1 Ra8 21. Bd6 f6 22. h3 Be2 23. a3 Kf7 24. Rb1 Ke6 25. Rb8 Rxb8 
26. Bxb8 Kd5 27. Bc7 Kc4 28. Ba5 Bd1 29. Kf1 Bxc2 30. Ke2 Bd3+ 31. Ke1 g6 
32. g3 f5 33. Kd2 f4 34. gxf4 exf4 35. h4 h6 36. Bc7 g5 37. hxg5 hxg5 
38. a4 Kb3 39. Bd8 g4 40. Bc7 g3 41. fxg3 f3 42. Bb6 
1/2-1/2

[Event "34th Chess Olympiad (men)"]
[Site "Istanbul"]
[Date "2000.11.09"]
[Round "12.21.1"]
[White "Rogers, Ian"]
[Black "Motwani, Paul"]
[WhiteElo "2558"]
[BlackElo "2464"]
[WhiteCountry "AUS"]
[BlackCountry "SCO"]
[Result "1-0"]

1. e4 e6 2. d4 d5 3. Nc3 Bb4 4. e5 c5 5. a3 Bxc3+ 6. bxc3 Ne7 7. Nf3 Nbc6 
8. a4 Qa5 9. Bd2 Bd7 10. Bb5 f6 11. Qe2 Qc7 12. O-O fxe5 13. Bxc6 Nxc6 
14. Nxe5 O-O 15. Nxc6 Qxc6 16. Be3 b6 17. f3 Rae8 18. Bf2 cxd4 19. Bxd4 e5 
20. Bxe5 Qxc3 21. f4 Bf5 22. Qb5 Qc5+ 23. Qxc5 bxc5 24. Rf2 Re6 25. a5 Ra6 
26. c3 Be4 27. Rb2 h5 28. Rb5 Rc6 29. Ra2 Bd3 30. Rb7 Rf7 31. Rab2 Ra6 
32. Rb8+ Kh7 33. h3 Rxa5 34. g4 Ra1+ 35. Kf2 Rf1+ 36. Kg3 hxg4 37. hxg4 Rg1+ 
38. Kh4 Rh1+ 39. Kg5 Rh6 40. f5 Re7 41. Rf8 Rxe5 42. Rbb8 Rg6+ 43. Kh4 Rh6+ 
44. Kg3 Rh3+ 45. Kxh3 Kh6 46. Kh4 g5+ 47. Kg3 Re3+ 48. Kf2 Re2+ 49. Kf3 d4 
50. cxd4 cxd4 51. Rfe8 Rxe8 52. Rxe8 Bc4 53. Rd8 d3 54. Ke3 
1-0

[Event "34th Chess Olympiad (men)"]
[Site "Istanbul"]
[Date "2000.11.09"]
[Round "12.21.2"]
[White "Mcnab, Colin A"]
[Black "Johansen, Darryl K"]
[WhiteElo "2416"]
[BlackElo "2505"]
[WhiteCountry "SCO"]
[BlackCountry "AUS"]
[Result "1/2-1/2"]

1. c4 e6 2. Nf3 c5 3. g3 b6 4. Bg2 Bb7 5. d3 Nf6 6. e4 d6 7. Nc3 a6 8. O-O Be7 
9. b3 O-O 10. Bb2 Bc6 11. a4 Nbd7 12. Qe2 Qc7 13. Rac1 Rac8 14. h3 Rfe8 
15. Nh2 Qb8 16. f4 b5 17. axb5 axb5 18. g4 bxc4 19. bxc4 Nf8 20. Rb1 Qc7 
21. Ba1 N6d7 22. g5 e5 23. fxe5 Bxg5 24. Rf5 Be7 25. exd6 Bxd6 26. Ng4 Ng6 
27. Rbf1 f6 28. Qd2 Be5 29. Nxe5 Ndxe5 30. Nd5 Bxd5 31. exd5 Nf7 32. R5f2 Nd6 
33. Bc3 Qd7 34. Re1 Nh4 35. Rxe8+ Rxe8 36. Qf4 Ng6 37. Qg3 f5 38. h4 f4 
39. Qh3 Qe7 40. h5 Nh4 41. Rxf4 Nxg2 42. Kxg2 h6 43. Qf3 Qd7 44. Qg4 Qc7 
45. Rf6 Re7 46. Re6 Qd7 47. Be5 Ne8 48. Kg3 Rf7 49. d6 Kf8 50. Rg6 Qb7 
51. Qe4 Qb1 52. Bf4 Qg1+ 53. Kh4 Qa1 54. Be5 Qf1 55. Rg4 Qf2+ 56. Bg3 Qf6+ 
57. Kh3 Nxd6 58. Bxd6+ Qxd6 59. Qa8+ Ke7 60. Qb7+ Qd7 61. Qxd7+ Qd6 
62. Re4+ Kf6 63. Rg4 Ke5 
1/2-1/2

[Event "34th Chess Olympiad (men)"]
[Site "Istanbul"]
[Date "2000.11.09"]
[Round "12.21.4"]
[White "Bryson, Douglas M"]
[Black "Sandler, Leonid"]
[WhiteElo "2370"]
[BlackElo "2416"]
[WhiteCountry "SCO"]
[BlackCountry "AUS"]
[Result "1-0"]

1. e4 c5 2. Nf3 e6 3. d4 cxd4 4. Nxd4 Nf6 5. Nc3 d6 6. f4 a6 7. Be2 Be7 
8. O-O O-O 9. Be3 Qc7 10. g4 Nc6 11. g5 Nxd4 12. Qxd4 Nd7 13. f5 Re8 
14. fxe6 fxe6 15. Bh5 g6 16. Nd5 exd5 17. Qxd5+ Kh8 18. Qf7 Qd8 19. Bd4+ Ne5 
20. Bxg6 hxg6 21. Qxg6 Be6 22. Qh6+ Kg8 23. Qxe6+ 
1-0

[Event "34th Chess Olympiad (men)"]
[Site "Istanbul"]
[Date "2000.11.09"]
[Round "12.22.1"]
[White "Fedorov, Alexei"]
[Black "Adianto, Utut"]
[WhiteElo "2646"]
[BlackElo "2583"]
[WhiteCountry "BLR"]
[BlackCountry "INA"]
[Result "0-1"]

1. e4 c6 2. d4 d5 3. e5 Bf5 4. Nc3 e6 5. g4 Bg6 6. Nge2 c5 7. Be3 Nd7 
8. h4 cxd4 9. Nxd4 h5 10. f4 hxg4 11. Qxg4 Nh6 12. Qg1 Bh5 13. Be2 Bxe2 
14. Ncxe2 Qa5+ 15. Bd2 Qa6 16. h5 O-O-O 17. a3 Kb8 18. O-O-O Rc8 19. Kb1 Nb6 
20. Bb4 Bxb4 21. axb4 Nc4 22. Rh3 Qb6 23. b5 f6 24. Qg6 fxe5 25. fxe5 Rce8 
26. Qxg7 Reg8 27. Qd7 Ng4 28. Rg1 Nf2 29. Rxg8+ Rxg8 30. Rg3 Rd8 31. Nxe6 Rc8 
32. Qxd5 Ne4 33. Rg7 Ned2+ 34. Kc1 Nb3+ 
0-1

[Event "34th Chess Olympiad (men)"]
[Site "Istanbul"]
[Date "2000.11.09"]
[Round "12.22.2"]
[White "Handoko, Edhi"]
[Black "Aleksandrov, Aleksej"]
[WhiteElo "2435"]
[BlackElo "2591"]
[WhiteCountry "INA"]
[BlackCountry "BLR"]
[Result "0-1"]

1. e4 e5 2. Nf3 Nc6 3. d4 exd4 4. Nxd4 Qf6 5. Be3 Bc5 6. c3 Nge7 7. Bc4 Ne5 
8. Be2 Qg6 9. O-O d6 10. Bh5 Qxe4 11. Nd2 Qh4 12. Nb5 O-O 13. Nxc7 Rb8 
14. Bxc5 dxc5 15. Qe2 N7c6 16. Ne4 Bf5 17. Bf3 Nxf3+ 18. gxf3 Bh3 19. Rfe1 f5 
20. Ng3 f4 21. Ne6 Rf7 22. Qc4 Qf6 23. Qd5 h6 24. Nxc5 fxg3 25. hxg3 Qxf3 
26. Qxf3 Rxf3 27. Re2 b6 28. Ne6 Re8 29. Rae1 Rd3 30. Nf4 Rxe2 31. Rxe2 Rd1+ 
32. Kh2 Bg4 
0-1

[Event "34th Chess Olympiad (men)"]
[Site "Istanbul"]
[Date "2000.11.09"]
[Round "12.22.3"]
[White "Kovalev, Andrei"]
[Black "Juswanto, Denny"]
[WhiteElo "2537"]
[BlackElo "2483"]
[WhiteCountry "BLR"]
[BlackCountry "INA"]
[Result "1-0"]

1. e4 d6 2. d4 Nf6 3. Nc3 g6 4. Be2 Bg7 5. h4 c5 6. dxc5 Qa5 7. Kf1 Qxc5 
8. Be3 Qa5 9. h5 Nc6 10. h6 Bf8 11. Nh3 Bxh3 12. Rxh3 e6 13. Bf4 Rd8 
14. Nb5 Nxe4 15. Ra3 Qb4 16. Rb3 Qa5 17. Ra3 Qb6 18. Be3 Nc5 19. Rb1 a6 
20. Nd4 Qc7 21. b4 Nd7 22. Nxc6 bxc6 23. Rxa6 d5 24. Kg1 Be7 25. Qd4 Bf6 
26. Qa7 Qe5 27. Rd1 Nb8 28. Ra5 O-O 29. Qd4 Qf5 30. Qd3 Rfe8 31. Qxf5 exf5 
32. Bd3 Bc3 33. a3 Nd7 34. Ra6 Ne5 35. Bf4 Ng4 36. Rxc6 Bd4 37. Bg3 f4 
38. Bh4 g5 39. Bxg5 Bxf2+ 40. Kf1 Bg3 41. Bxd8 Ne3+ 42. Kg1 Nxd1 43. Be7 Ne3 
44. b5 Ng4 45. Bf5 Bf2+ 46. Kf1 Ne3+ 47. Kxf2 Nxf5 48. Bc5 Ng3 49. b6 Ne4+ 
50. Kf3 Ng5+ 
1-0

[Event "34th Chess Olympiad (men)"]
[Site "Istanbul"]
[Date "2000.11.09"]
[Round "12.22.4"]
[White "Hamdani, Rudin"]
[Black "Dydyshko, Viacheslav"]
[WhiteElo "2385"]
[BlackElo "2525"]
[WhiteCountry "INA"]
[BlackCountry "BLR"]
[Result "0-1"]

1. e4 c5 2. Nf3 d6 3. d4 cxd4 4. Nxd4 Nf6 5. Nc3 a6 6. Be3 e6 7. Qd2 b5 
8. f3 Nbd7 9. O-O-O Bb7 10. Kb1 Rc8 11. Bd3 Nb6 12. g4 Nfd7 13. Rhe1 Be7 
14. f4 O-O 15. g5 Nc4 16. Bxc4 Rxc4 17. a3 Nc5 18. Bg1 Qc7 19. f5 Rc8 
20. fxe6 fxe6 21. h4 Bf8 22. Rc1 e5 23. Nf5 Nxe4 24. Nxe4 Rxe4 25. Rf1 Rg4 
26. h5 Rg2 27. Bf2 Qd8 28. g6 hxg6 29. hxg6 Be4 30. Ng3 Bb7 31. Rg1 Qf6 
32. Rxg2 Bxg2 33. Be3 Bb7 34. Qd3 Rc4 35. Nh5 Qe6 36. Ng3 Rg4 37. Bf2 Qxg6 
38. Qe3 Qf7 39. Be1 Qf3 40. Qb6 Bc8 41. Qd8 Be6 42. Qb6 Rxg3 43. Bxg3 Qxg3 
44. Qxa6 Qg4 45. Qxb5 Qc4 46. Qxc4 Bxc4 47. b3 Ba6 48. c4 Be7 49. b4 Bg5 
50. Rc3 Bb7 51. a4 Bd2 52. Rb3 e4 53. a5 e3 54. Kc2 g5 55. c5 dxc5 
56. bxc5 Be4+ 57. Kd1 g4 58. Ke2 g3 59. Ra3 g2 60. Ra1 Bb7 61. Rg1 Kf7 
62. c6 Bxc6 63. a6 Ke6 64. a7 Ke5 65. Ra1 Kf4 
0-1

[Event "34th Chess Olympiad (men)"]
[Site "Istanbul"]
[Date "2000.11.09"]
[Round "12.23.1"]
[White "Stefansson, Hannes"]
[Black "Campora, Daniel H"]
[WhiteElo "2557"]
[BlackElo "2526"]
[WhiteCountry "ISL"]
[BlackCountry "ARG"]
[Result "1/2-1/2"]

1. d4 Nf6 2. c4 e6 3. Nc3 Bb4 4. Qc2 d5 5. cxd5 Qxd5 6. Nf3 Nc6 7. Bd2 Qd8 
8. O-O-O Bxc3 9. Bxc3 Qd5 10. Kb1 a5 11. e3 b6 12. Ne5 Ba6 13. f3 Bxf1 
14. Rhxf1 O-O 15. e4 Qd6 16. g4 Rfd8 17. Nxf7 Kxf7 18. e5 Qd5 19. exf6 g6 
20. Qd2 Rd7 21. h4 Kxf6 22. Qh6 Rf7 23. h5 Ke7 24. hxg6 hxg6 25. Qxg6 Raf8 
26. Rh1 Kd7 27. Rh5 Qxf3 28. Re1 Rf6 29. Rh7+ Ne7 30. Qc2 R6f7 31. Rh6 Qxg4 
32. Qa4+ c6 33. Rhxe6 Qf5+ 34. Kc1 Qxe6 35. Rxe6 Kxe6 36. d5+ Kd6 37. dxc6 Nxc6 
38. Qb5 Kc7 39. a4 Kb7 40. Kc2 Rd8 41. Qg5 Rfd7 42. Kb3 Rd5 43. Qg2 R8d7 
44. Ka3 Ka7 45. Qe4 R5d6 46. Qc4 Nb4 47. Bxb4 Rd4 48. Qc6 axb4+ 49. Ka2 Rd3 
50. a5 bxa5 51. Qc5+ Kb8 52. Qb5+ Kc8 53. Qa6+ Kb8 54. Qb5+ 
1/2-1/2

[Event "34th Chess Olympiad (men)"]
[Site "Istanbul"]
[Date "2000.11.09"]
[Round "12.23.3"]
[White "Thorhallsson, Throstur"]
[Black "Soppe, Guillermo"]
[WhiteElo "2454"]
[BlackElo "2471"]
[WhiteCountry "ISL"]
[BlackCountry "ARG"]
[Result "1/2-1/2"]

1. e4 d5 2. exd5 Qxd5 3. Nc3 Qa5 4. d4 Nf6 5. Bc4 Bg4 6. f3 Bf5 7. Nge2 Nbd7 
8. Be3 c6 9. O-O e6 10. Ng3 Bg6 11. Kh1 Bd6 12. Nce2 Qc7 13. Qd2 O-O-O 
14. Bd3 Bxd3 15. Qxd3 h5 16. Bg1 h4 17. Ne4 Nh5 18. Nxd6+ Qxd6 19. f4 f5 
1/2-1/2

[Event "34th Chess Olympiad (men)"]
[Site "Istanbul"]
[Date "2000.11.09"]
[Round "12.23.4"]
[White "Bertona, Fernando"]
[Black "Gunnarsson, Jon Viktor"]
[WhiteElo "2405"]
[BlackElo "2368"]
[WhiteCountry "ARG"]
[BlackCountry "ISL"]
[Result "1-0"]

1. e4 e5 2. Bc4 Nf6 3. d3 c6 4. Nf3 Be7 5. O-O Qc7 6. Bb3 O-O 7. Re1 d6 
8. Nbd2 Nbd7 9. c3 Re8 10. Nf1 Nc5 11. Bc2 Bf8 12. Bg5 Ncd7 13. Ng3 g6 
14. d4 h6 15. Be3 Bg7 16. h3 b5 17. Qd2 Kh7 18. Nh2 c5 19. dxc5 Nxc5 20. b4 Ne6 
21. a4 Bd7 22. axb5 Bxb5 23. Ra5 Bc4 24. Rea1 a6 25. Ng4 Nxg4 26. hxg4 Nf4 
27. Bd1 Rac8 28. R1a3 Bb5 29. Ba4 Qc4 30. Qa2 Qd3 31. Bc2 Qc4 32. Qxc4 Bxc4 
33. Bb3 Bb5 34. Bxf7 Re7 35. Ba2 Rec7 36. Bd2 Bf6 37. c4 Bxc4 38. Bxc4 Rxc4 
39. Rxa6 Rd4 40. Be3 Rd1+ 41. Kh2 Rb8 42. Ra7+ Bg7 43. Re7 Kg8 44. Raa7 Bf8 
45. Reb7 Rc8 46. b5 Ne6 47. Rf7 Nf4 48. b6 Rb1 49. Rf6 g5 50. Bxf4 exf4 
51. Nh5 Rcc1 52. Rg6+ Bg7 53. Rgxg7+ Kf8 54. Ra8+ 
1-0

[Event "34th Chess Olympiad (men)"]
[Site "Istanbul"]
[Date "2000.11.09"]
[Round "12.24.1"]
[White "Johannessen, Leif Erlend"]
[Black "Nguyen, Anh"]
[WhiteElo "2422"]
[BlackElo "2487"]
[WhiteCountry "NOR"]
[BlackCountry "VIE"]
[Result "1/2-1/2"]

1. d4 d5 2. c4 dxc4 3. e3 Nf6 4. Bxc4 e6 5. Nf3 a6 6. O-O b5 7. Bd3 Bb7 
8. a4 b4 9. Nbd2 c5 10. e4 cxd4 11. e5 Nfd7 12. Nb3 Nc6 13. Bf4 Be7 14. Qe2 g5 
1/2-1/2

[Event "34th Chess Olympiad (men)"]
[Site "Istanbul"]
[Date "2000.11.09"]
[Round "12.24.2"]
[White "Tu Hoang, Thong"]
[Black "Elsness, Frode"]
[WhiteElo "2514"]
[BlackElo "2383"]
[WhiteCountry "VIE"]
[BlackCountry "NOR"]
[Result "1-0"]

1. Nf3 Nf6 2. c4 g6 3. b4 Bg7 4. Bb2 O-O 5. e3 d6 6. Be2 e5 7. d3 Nbd7 
8. O-O Qe7 9. Nc3 c6 10. Qc2 Re8 11. Rfd1 Nf8 12. a4 Bg4 13. h3 Bd7 14. a5 h5 
15. d4 e4 16. Nh2 a6 17. d5 cxd5 18. Nxd5 Nxd5 19. Rxd5 Bxb2 20. Qxb2 Bc6 
21. Rd2 Red8 22. b5 Be8 23. Qd4 f5 24. Qb6 Bf7 25. Nf1 Rd7 26. Rad1 axb5 
27. cxb5 d5 28. a6 bxa6 29. bxa6 Rd6 30. Qa5 Qd8 31. Qa3 Ne6 32. Rb2 d4 
33. Bc4 d3 34. Rb7 Rd7 35. Qb3 Qe7 36. Rc1 Kh7 37. Qb6 Rxb7 38. axb7 Rb8 
39. Ba6 d2 40. Nxd2 Qd7 41. Rc8 
1-0

[Event "34th Chess Olympiad (men)"]
[Site "Istanbul"]
[Date "2000.11.09"]
[Round "12.24.3"]
[White "Lie, Kjetil A"]
[Black "Tu Hoang, Thai"]
[WhiteElo "2284"]
[BlackElo "2335"]
[WhiteCountry "NOR"]
[BlackCountry "VIE"]
[Result "1/2-1/2"]

1. c4 e5 2. Nc3 Nf6 3. g3 c6 4. Nf3 d6 5. Bg2 Be7 6. O-O O-O 7. d4 e4 8. Ne1 d5 
9. Bg5 dxc4 10. Nc2 Nbd7 11. a4 Nb6 12. Bxf6 Bxf6 13. Nxe4 Be7 14. Nc3 Be6 
15. e4 f5 16. a5 Nc8 17. a6 Rb8 18. axb7 Rxb7 19. exf5 Bxf5 20. Bxc6 Rxb2 
21. Ne3 Bd3 22. Bd5+ Kh8 23. Nxc4 Bxc4 24. Bxc4 Bf6 25. Ne2 Nb6 26. Be6 Qe8 
27. Nf4 g5 28. Nd3 Rb5 29. Nc5 Rb4 30. Rxa7 Bxd4 31. Na6 Ra4 32. Bd7 Nxd7 
33. Nc7 Bxf2+ 34. Rxf2 Qe3 35. Rxa4 Qxf2+ 36. Kh1 Qf1+ 37. Qxf1 Rxf1+ 
38. Kg2 Rd1 39. Ne6 h6 40. Ra8+ Kh7 41. Rd8 Rd2+ 42. Kg1 Ne5 43. Rxd2 
1/2-1/2

[Event "34th Chess Olympiad (men)"]
[Site "Istanbul"]
[Date "2000.11.09"]
[Round "12.24.4"]
[White "Nguyen, Thanh Son"]
[Black "Trygstad, Kristian"]
[WhiteElo "2000"]
[BlackElo "2248"]
[WhiteCountry "VIE"]
[BlackCountry "NOR"]
[Result "0-1"]

1. e4 c5 2. Nf3 e6 3. d4 cxd4 4. Nxd4 a6 5. Nc3 Qc7 6. Bd3 Nc6 7. Be3 Nf6 
8. O-O Ne5 9. Bf4 Bd6 10. Bg3 h5 11. Be2 Bc5 12. Nf3 d6 13. Nxe5 dxe5 
14. Bh4 Bd7 15. Bxf6 gxf6 16. Bxh5 O-O-O 17. Qe2 Rh7 18. Bf3 Bd4 19. Rfd1 Rdh8 
20. h3 Rg7 21. Bg4 f5 22. exf5 exf5 23. Rxd4 fxg4 24. Rc4 Bc6 25. Rxg4 f5 
26. Rg3 Rxg3 27. fxg3 Qb6+ 28. Kh2 Qxb2 29. Qxe5 Re8 30. Qxf5+ Kb8 31. Rf1 Qxc3 
32. Rf2 a5 33. g4 a4 34. Qd3 Qc5 35. Rf5 Qe7 36. Qg3+ Qc7 37. g5 Be4 
38. Rc5 Qxg3+ 39. Kxg3 Rc8 40. Rxc8+ Kxc8 41. a3 Bxc2 42. Kf4 b5 43. Ke3 b4 
44. Kd2 b3 45. g4 Kd7 46. h4 Ke7 47. Kc3 Kf7 48. h5 Bd1 49. Kd2 
0-1

[Event "34th Chess Olympiad (men)"]
[Site "Istanbul"]
[Date "2000.11.09"]
[Round "12.25.1"]
[White "Matamoros, Franco Carlos S"]
[Black "Babula, Vlastimil"]
[WhiteElo "2467"]
[BlackElo "2582"]
[WhiteCountry "ECU"]
[BlackCountry "CZE"]
[Result "0-1"]

1. c4 Nf6 2. g3 g6 3. Bg2 Bg7 4. Nc3 O-O 5. d4 d6 6. Nf3 Nc6 7. O-O a6 
8. d5 Na5 9. Nd2 c5 10. Rb1 Rb8 11. b3 b5 12. Bb2 Bf5 13. e4 Bg4 14. f3 Bd7 
15. Ba1 e5 16. dxe6 fxe6 17. Kh1 Nc6 18. a3 Nd4 19. b4 e5 20. Re1 Be6 
21. cxb5 axb5 22. Nf1 h5 23. h4 Bh6 24. Ne2 g5 25. Qd2 Nh7 26. hxg5 Nxg5 
27. Nxd4 cxd4 28. f4 Nh7 29. Qd1 Nf6 30. Bf3 Ng4 31. Kg2 exf4 32. Bxg4 Bxg4 
33. Qxd4 Kh7 34. gxf4 Rxf4 35. Nh2 Qh4 36. Rf1 Bf3+ 37. Rxf3 Rg8+ 38. Kh1 Qxh2+ 
0-1

[Event "34th Chess Olympiad (men)"]
[Site "Istanbul"]
[Date "2000.11.09"]
[Round "12.25.2"]
[White "Blatny, Pavel"]
[Black "Bastidas, Rodriguez Emilio Jos"]
[WhiteElo "2535"]
[BlackElo "2334"]
[WhiteCountry "CZE"]
[BlackCountry "ECU"]
[Result "0-1"]

1. e4 c5 2. Nf3 d6 3. c3 Nf6 4. Bd3 Nc6 5. Bc2 Bg4 6. d3 e6 7. Nbd2 Be7 
8. h3 Bh5 9. Nf1 Qa5 10. Bd2 Qb6 11. Rb1 d5 12. Qe2 c4 13. exd5 cxd3 
14. Bxd3 Bxf3 15. Qxf3 Ne5 16. Qe2 Nxd3+ 17. Qxd3 Nxd5 18. Ng3 O-O 19. O-O Rad8 
20. Qe2 Rd7 21. b4 Qc7 22. Ne4 Rc8 23. Rfc1 Qc4 24. Kf1 Qxe2+ 25. Kxe2 Rc4 
26. f3 f5 27. Nf2 Rdc7 28. Nd1 b5 29. a3 Bf6 30. Rb3 a6 31. Kd3 e5 32. Ke2 e4 
33. f4 e3 34. Bxe3 Re7 35. Kf3 Rxe3+ 36. Nxe3 Rxf4+ 37. Ke2 Re4 38. c4 Nxe3 
39. cxb5 Nc4+ 40. Kf2 Bd4+ 41. Kg3 axb5 42. Rd1 h5 43. Kh2 Kh7 44. Kh1 Be5 
45. Rf3 h4 46. Kg1 g6 47. Rd5 Bg3 48. Rd1 Re2 49. Kh1 Ne3 50. Rg1 f4 51. Ra1 g5 
52. a4 bxa4 53. b5 Rb2 
0-1

[Event "34th Chess Olympiad (men)"]
[Site "Istanbul"]
[Date "2000.11.09"]
[Round "12.25.3"]
[White "Mera, Cedeno Angel"]
[Black "Oral, Tomas"]
[WhiteElo "2376"]
[BlackElo "2531"]
[WhiteCountry "ECU"]
[BlackCountry "CZE"]
[Result "1/2-1/2"]

1. c4 c5 2. g3 Nc6 3. Bg2 g6 4. Nc3 Bg7 5. Rb1 d6 6. a3 a5 7. d3 e5 8. Nd5 Nge7 
9. Bg5 h6 10. Bf6 O-O 11. e3 Bxf6 12. Nxf6+ Kg7 13. Nd5 Nxd5 14. cxd5 Ne7 
15. a4 b5 16. axb5 Rb8 17. Ne2 Rxb5 18. Nc3 Rb4 19. O-O Qb6 20. b3 Bd7 
21. Na2 Rb5 22. Nc3 Rb4 23. Na2 
1/2-1/2

[Event "34th Chess Olympiad (men)"]
[Site "Istanbul"]
[Date "2000.11.09"]
[Round "12.25.4"]
[White "Polak, Tomas"]
[Black "Munoz, Sotomayor Hugo"]
[WhiteElo "2499"]
[BlackElo "2322"]
[WhiteCountry "CZE"]
[BlackCountry "ECU"]
[Result "1/2-1/2"]

1. d4 Nf6 2. c4 e6 3. Nf3 b6 4. g3 Ba6 5. b3 Bb4+ 6. Bd2 Be7 7. Nc3 d5 
8. cxd5 exd5 9. Bg2 O-O 10. O-O c6 11. Qc2 Re8 12. Rfe1 Nbd7 13. Rad1 Bd6 
14. e4 dxe4 15. Nxe4 Nxe4 16. Rxe4 Bb7 17. Rh4 Nf8 18. Ne5 Bxe5 19. dxe5 Qe7 
20. Bc3 Ng6 21. Rhd4 Nf8 22. Rd6 c5 23. f4 Bxg2 24. Qxg2 Rad8 25. R1d3 Rxd6 
26. exd6 Qe6 27. Qf3 Rd8 28. f5 Qh6 29. Bd2 Qf6 30. Bc3 Qh6 31. Qg4 Qc1+ 
32. Kg2 Qc2+ 33. Kh3 f6 34. Bxf6 Rd7 35. Rc3 Qd2 36. Qc4+ Rf7 37. Be7 Qh6+ 
38. Kg2 Qd2+ 39. Kh3 Qh6+ 40. Qh4 Qxh4+ 41. Bxh4 Rxf5 42. Rd3 Nd7 43. g4 Re5 
44. a4 Kf7 45. Bg3 Re2 46. Bf4 Ke8 47. Kg3 Nb8 48. g5 Nd7 49. Kf3 Re6 
50. Rd5 g6 51. h4 Nb8 52. Rd1 Kd7 53. h5 Nc6 54. hxg6 hxg6 55. Rh1 Ne5+ 
56. Ke4 Nc6+ 57. Kf3 Ne5+ 58. Ke4 Nc6+ 59. Kf3 Ne5+ 60. Ke4 
1/2-1/2